Company-wide total quality control
Na minha lista:
| Autor principal: | |
|---|---|
| Formato: | Livro |
| Idioma: | Undetermined |
| Publicado em: |
Japan
Asian Productivity Organization
1988
|
| Assuntos: | |
| Tags: |
Adicionar Tag
Sem tags, seja o primeiro a adicionar uma tag!
|
| Thư viện lưu trữ: | Trung tâm Học liệu Trường Đại học Cần Thơ |
|---|
| LEADER | 00542nam a2200193Ia 4500 | ||
|---|---|---|---|
| 001 | CTU_88551 | ||
| 008 | 210402s9999 xx 000 0 und d | ||
| 082 | |a 650.5 | ||
| 082 | |b M685 | ||
| 100 | |a Mizuno, Shigeru | ||
| 245 | 0 | |a Company-wide total quality control | |
| 245 | 0 | |c Shigeru Mizuno | |
| 260 | |a Japan | ||
| 260 | |b Asian Productivity Organization | ||
| 260 | |c 1988 | ||
| 650 | |a Industrial efficiency,Quality control | ||
| 650 | |z Japan,Japan | ||
| 904 | |i Giang,Hải | ||
| 980 | |a Trung tâm Học liệu Trường Đại học Cần Thơ | ||